03473am aa22003015004500003001000000005001700010008004500027020001500072040003300087082002200120100003200142245012100174264006600295300002800361336002200389337002400411338002400435490007400459504002800533505213600561630006602697630007602763830006802839942001202907980005802919999001702977952017702994 PE-LiUPU20250901155708.0 880701s1988 miu b 000 0 eng d a0943872448 aPE-LiUPUbengcPE-LiUPUerda04a228.06223bP327d1 aPaulien, Jon,eautor.9428510aDecoding Revelation’s Trumpets :bliterary allusions and interpretation of Revelation 8:7–12 /cpor Jon Paulien. 1aBerrien Springs, Michigan :bAndrews University Press,c1988. a497 páginas ;c23 cm. atexto2rdacontent asin medio2rdamedia avolumen2rdacarrier1 aAndrews University Seminary Doctoral Dissertation Series ;vVolume XI aIncluye bibliografía. aIntroduction -- Chapter I. Survey of literature concerning major issues in the exegesis of Revelation’s trumpets -- The problem of sources -- The revelation of originality -- The Apocalypse and the Old Testament -- Septuagint and Jewish apocalyptic -- The Old Testament and the Christ-event -- John’s canonical intentions -- How John used the Old Testament -- First-century exegetical practices -- Midrash -- Typology -- Contextual interpretation -- Summary -- Chapter II. Method and the study of the Old Testament background to the book of Revelation -- The proposed method -- Structure of the proposed method -- The Old Testament source -- A method for determining allusions -- Echoes in the Apocalypse -- Internal and external evidence -- The proposed method in previous research -- Summary of criteria -- Classification of direct allusions -- The problem of allusions -- Attempting allusions: a method -- Summary and conclusion -- Appendix to Chapter I. The text tradition behind the Old Testament -- The Masoretic text -- The Samaritan Pentateuch -- The Greek versions -- The Targums -- The language of John’s Old Testament -- Specialized studies in the text tradition -- Background of the apocalypses -- Chapter III. Interpreting the trumpets -- Exegesis of the seven trumpets in context (Rev 8:2–6) -- Rev 8:7 -- Rev 8:8–9 -- Rev 8:10–11 -- Rev 8:12 -- The larger picture -- The trumpets in detail -- Structural setting of the seven trumpets -- Relation to the seven seals -- The trumpets in themselves -- General Old Testament background to the trumpets -- General New Testament background -- Importance of echoes -- Evaluation of representative echoes -- Chapter IV. Analysis of allusions to the Old Testament in Revelation 8:7–12 -- The first to fourth trumpets -- Summary of allusions -- Most likely interpretations -- Judgment and mercy -- Symbolism of the trumpets -- Final interpretation -- Chapter V. Parallels in Revelation -- Nature of the seven trumpets -- Old and New Testament background -- Parallels in contemporary literature and time -- Summary and interpretation -- Conclusion -- Bibliography.14aBiblia.pApocalipsisxCrítica, interpretación, etc.9175224aBiblia.pApocalipsis 8: 7–12xCrítica, interpretación, etc.91645 0aAndrews University Seminary doctoral dissertation series ;v11. 2ddccBK 818226gJaime Vilcazán Jefe de Análisis Documental c27858d27858 r2025-12-03 00:00:00i6l1o228.06 P327dp48684s2025-07-21te1w2015-06-24xFACTEOyBKzinventario-2023-12-13102ddc3v250708GENfP35aBULbBULcGENd2015-06-24eCOMPRA